=LDR 00000nam 2200000 4500 =001 INLIS000000000059365 =005 20211111112528 =035 ##$$a 0010-1121000102 =007 ta =008 211111###########################0#ind## =020 ##$$a 979-685-319-1 =082 ##$$a 499.221 =084 ##$$a 499.221 Sir j =245 1#$$a Jagat Bahasa Nasional : $b Pandangan Tokoh Tentang Bahaasa Indonesia /$c Sirait Hasudungan, dkk =300 ##$$a 266 halaman : $b ilustrasi ; $c 21 cm =650 #4$$a Bahasa Indonesia =264 ##$$a Jakarta :$b Pusat Bahasa,$c 2003 =336 ##$$a teks$2 rdacontent =337 ##$$a lain-lain$2 rdamedia =338 ##$$a lain-lain$2 rdacarrier =990 ##$$a 28022802